Statistiques concernant Guess The Ballon d'or

Cliquez ici pour prendre le quiz!

Statistiques générales

  • Ce quiz a été pris 60 fois
  • Le résultat moyen est 23 sur 45

Statistiques - réponses

Réponse% Correct
Zinédine Zidane
90%
Karim Benzema
88%
Cristiano Ronaldo
86%
Luka Modrić
86%
Ronaldinho
86%
Lionel Messi
84%
Michel Platini
84%
Johan Cruyff
82%
Ronaldo
82%
Ruud Gullit
82%
Kaká
80%
Rivaldo
78%
Eusébio
76%
Luís Figo
76%
Roberto Baggio
73%
Andriy Chevtchenko
71%
George Best
71%
George Weah
71%
Fabio Cannavaro
67%
Alfredo di Stéfano
65%
Marco van Basten
65%
Michael Owen
65%
Pavel Nedvěd
65%
Gerd Müller
51%
Franz Beckenbauer
49%
Bobby Charlton
43%
Jean-Pierre Papin
43%
Matthias Sammer
41%
Lothar Matthäus
39%
Lev Yachine
37%
Raymond Kopa
35%
Stanley Matthews
35%
Luis Suarez
33%
Hristo Stoitchkov
20%
Karl-Heinz Rummenigge
20%
Paolo Rossi
20%
Gianni Rivera
12%
Igor Belanov
12%
Kevin Keegan
10%
Flórián Albert
8%
Josef Masopust
8%
Oleg Blokhine
8%
Allan Simonsen
6%
Denis Law
6%
Omar Sivori
6%

Distribution des résultats

Percentile par nombre de réponses

% des personnes avec chaque résultat

Votre développement - résultats

Vous n’avez pas pris ce quiz